000 01036nam a2200265 i 4500
001 bg
100 1 _aSZECÓWKA, Lech
245 1 0 _aWpływ pulsacji na spalanie paliw gazowych i emisję zanieczyszczeń /
_cLech Szecówka.
260 _aCzęstochowa :
_bWydaw. WMiIM PC,
_c2001.
300 _a137 s. :
_bil. (w tym kolor.) ;
_c24 cm.
490 1 _aPrace Naukowe Wydziału Metalurgii i Inżynierii Materiałowej / Politechnika Częstochowska. Metalurgia ;
_vnr 17
500 _aNa s. tyt. odmienny tyt. serii: Prace Naukowe. - Streszcz. ang., ros.
504 _aBibliogr.
650 9 _aPaliwa gazowe
_xfizyka
_xbadanie
650 9 _aSpalanie
_xtechnologia
_xbadanie
650 9 _aSpaliny
_xunieszkodliwianie
_xbadanie
830 0 _aPrace Naukowe Wydziału Metalurgii i Inżynierii Materiałowej (Politechnika Częstochowska).
_pMetalurgia
020 _a8387745952
040 _cBPK
041 0 _apl
_benru
080 _a662.6:662.9:662.76
920 _a83-87745-95-2
942 _cKS
008 s pl f |000 0 pol
999 _c42173
_d42173
856 _uhttp://koha.tu.koszalin.pl/cgi-bin/koha/opac-detail.pl?biblionumber=42173
_yKatalog online BPK